C lculo con Geometría Analítica / Ron Larson (Registro nro. 19596)

Detalles MARC
000 -LÍDER
fixed length control field 00551nam a2200169 4500
008 - ELEMENTOS DE LONGITUD FIJA -- INFORMACIÓN GENERAL
fixed length control field 0 2006 0a 000 0MEX
020 ## - NÚMERO INTERNACIONAL NORMALIZADO PARA LIBROS
ISBN 970-10-5274-9, 978-970-10-5274-7
050 ## - SIGNATURA TOPOGRAFICA DE LA BIBLIOTECA DEL CONGRESO (LC)
Número de Clasificación QA303 L3718 V.1 2006
082 ## - NUMERO DE CLASIFICACION DECIMAL DEWEY
Número de Clasificación 515.15 L134c
100 ## - ASIENTO PRINCIPAL--NOMBRE PERSONAL
Nombre personal Larson, Ron
245 ## - TÍTULO
Título C lculo con Geometría Analítica / Ron Larson
250 ## - MENCIÓN DE EDICIÓN
Mención de edición 2 / 8a.del ingles
260 ## - PUBLICACIÓN, DISTRIBUCIÓN, ETC. (PIE DE IMPRENTA)
Lugar de publicación, distribución, etc. México : McGraw Hill
300 ## - DESCRIPCIÓN FÍSICA
Extensión xiv, 692 p. / 26 cm.
500 ## - NOTA GENERAL
Nota general Incluye Apendices Demostración de algunos teoremas y tablas de integración.
650 ## - ASIENTO SECUNDARIO DE MATERIA - TERMINO TEMÁTICO
Término temático o nombre geográfico como elemento de entrada 1.CÁLCULO
Existencias
No. biblioteca No. biblioteca Número de clasificación Código de barras/Número de adquisición Número de copia Tipo de material
LUIS G. INCLAN LUIS G. INCLAN 515.15 L134c 47375 1001 Libros
LUIS G. INCLAN LUIS G. INCLAN 515.15 L134c 47678 1003 Libros
LUIS G. INCLAN LUIS G. INCLAN 515.15 L134c 47677 1002 Libros
LUIS G. INCLAN LUIS G. INCLAN 515.15 L134c 48380 1004 Libros
LUIS G. INCLAN LUIS G. INCLAN 515.15 L134c 48924 1005 Libros
LUIS G. INCLAN LUIS G. INCLAN 515.15 L134c 49139 1006 Libros
LUIS G. INCLAN LUIS G. INCLAN 515.15 L134c 49140 1007 Libros
LUIS G. INCLAN LUIS G. INCLAN 515.15 L134c 49469 1008 Libros
ÁREA DE BÁSICAS ÁREA DE BÁSICAS 515.15 L134c 50015 1009 Libros
ÁREA DE BÁSICAS ÁREA DE BÁSICAS 515.15 L134c 50290 1010 Libros
Calzada Tecnológico # 27, Zacatepec, Morelos.
01(734) 343-07-23 / 343-21-10 / 343-21-11
Apdo. Postal 45 C.P 62780